Name the Capitals of regions in Greece - Statistics

General Stats
  • This quiz has been taken 43 times
  • The average score is 9 of 13
Answer Stats
Region Capital % Correct
Attica Athens
100%
Central Macedonia Thessaloniki
95%
Crete Heraklion
82%
Epirus Ioannina
82%
West Greece Patras
77%
Ionian islands Corfu
73%
Thessaly Larissa
73%
Peloponnese Tripoli
59%
East Macedonia and Thrace Komotini
55%
West Macedonia Kozani
50%
Central Greece Lamia
45%
South Aegean Ermoupoli
41%
North Aegean Mytilini
27%
No matching quizzes found
Score Distribution
Percent of People with Each Score
Percentile by Number Answered
Your Score History
You have not taken this quiz